000 00288nam a22001337a 4500
008 170616b xxu||||| |||| 00| 0 eng d
020 _a9780130940179
041 _aeng
080 _23RD
_a323
100 _a20
101 _aSHP
245 _aAMERICAN ISSUES
_cUNGER,I
942 _2udc
_cBK
999 _c17810
_d17810